00686cam a2200205 a 450000100100000000500170001000800410002703500190006803500190008704000290010608200190013510000380015424500960019226000350028830000270032365000190035065000330036965100480040270000300045000001821820240422104515.0750516s1965 mx 000 f spa d a(DLC) 65077082 a(OCoLC)1336761 aDO-SdBNPcFMdOCoLCdDLC aCh863.4bB142m1 aBaeza Flores, Alberto,d1914-199813aLa muerte en el paraíso :bnovela /cAlberto Baeza Flores ; prólogo de Julián Gorkin. aMéxico :bCosta-Amic,c1965. axiii, 376 p. ;c20 cm. 4aNovela chilena 4aLiteratura chilenaySIGLO XX 4aCubaxHistoriaxRevolución, 1959-vNOVELA1 aGorkin, JuliánePról.